000
00339nam a2200133Ia 4500
008
240624s9999 xx 000 0 und d
041
_a
eng
082
_a
519.8 GIL
100
_a
GILAT AMOS
245
_a
MATLAB AN INTRODUCTION WITH APPLICATIONS
260
_c
2004
_a
Singapor
_b
John Wiley
300
_a
vii, : 296 : p. : cm. ; 26
365
_c
999
_c
3520
_d
3520